| Tag |
First Indicator |
Second Indicator |
Subfields |
| LEADER |
00000cam a2200000 a 4500 |
| 001 |
in00001075721 |
| 005 |
20150929104934.0 |
| 008 |
911114s1992 caua b 000 0 eng |
| 010 |
|
|
|a 91041473
|
| 020 |
|
|
|a 0833012150
|
| 035 |
|
|
|a (OCoLC)24910627
|
| 035 |
|
|
|9 AFQ0010AM
|
| 040 |
|
|
|a DLC
|c DLC
|d TXA
|d UtOrBLW
|
| 043 |
|
|
|a e------
|a n------
|
| 049 |
|
|
|a TXAM
|
| 050 |
0 |
0 |
|a UG705.E85
|b L67 1992
|
| 082 |
0 |
0 |
|a 358.4/142/094
|2 20
|
| 100 |
1 |
|
|a Lorell, Mark A.,
|d 1947-
|
| 245 |
1 |
4 |
|a The future of allied tactical fighter forces in NATO's Central Region /
|c Mark A. Lorell.
|
| 264 |
|
1 |
|a Santa Monica, CA :
|b Rand,
|c 1992.
|
| 300 |
|
|
|a xvii, 48 pages :
|b illustrations ;
|c 23 cm.
|
| 336 |
|
|
|a text
|b txt
|2 rdacontent
|
| 337 |
|
|
|a unmediated
|b n
|2 rdamedia
|
| 338 |
|
|
|a volume
|b nc
|2 rdacarrier
|
| 500 |
|
|
|a "A project AIR FORCE report prepared for the United States Air Force."
|
| 500 |
|
|
|a "R-4144-AF."
|
| 504 |
|
|
|a Includes bibliographical references.
|
| 500 |
|
|
|a Rand library collection.
|
| 610 |
2 |
0 |
|a North Atlantic Treaty Organization
|x Armed Forces
|x Tactical aviation.
|
| 710 |
2 |
|
|a Rand Corporation.
|
| 999 |
|
|
|a MARS
|
| 999 |
f |
f |
|s 7bea7fde-7c19-370e-89dd-7a913867f440
|i 3f1cd643-c285-3e21-8ac8-4e6e4b79f883
|t 0
|
| 952 |
f |
f |
|p ric
|a Texas A&M University
|b Rellis Campus
|c Joint Library Facility
|d Remote Storage
|t 0
|e UG705.E85 L67 1992
|h Library of Congress classification
|i unmediated -- volume
|m A14816002407
|
| 998 |
f |
f |
|a UG705.E85 L67 1992
|t 0
|l Remote Storage
|